| 000 | 00885nam a22002297a 4500 | ||
|---|---|---|---|
| 999 |
_c3733 _d3733 |
||
| 003 | AR-CdUCM | ||
| 008 | 190307b ||||| |||| 00| 0 spa d | ||
| 040 |
_aMUNICIPALIDAD PROVINCIAL DEL CUSCO _cBIBLIOTECA MUNICIPAL DEL CUSCO |
||
| 082 |
_a341.4 / _bC26 |
||
| 100 |
_aCarnelutti, Francesco _95136 |
||
| 245 | _aMetodología del derecho / | ||
| 260 |
_aMexico : _bHispano-Americana, _c1940. |
||
| 300 |
_a103 páginas ; _c25 cm. |
||
| 505 | _aContenido: Ciencia y técnica -- Dato de la ciencia del derecho -- Variedad de los ordenamientos jurídicos -- Actos de obediencia y desobediencia -- Principio de la unidad de derecho... | ||
| 650 |
_aMetodología. _92264 |
||
| 650 |
_aDerecho. _9739 |
||
| 650 |
_aOrdenamientos jurídicos. _912078 |
||
| 650 |
_aCiencia del derecho. _912079 |
||
| 650 |
_aExperiencia jurídica. _912080 |
||
| 942 |
_2ddc _cLIBROS |
||
| 945 |
_awfj _d2019-03-07 |
||